000 00662nam0a22002291 4500
001 v19\rc\1543896
005 20250618182207.0
035 _a(NLR Aleph) 004660975
090 _a3549775
_c3549775
100 _a20060620d1879 |||y0rusy50 ca
101 0 _arus
102 _aRU
105 _ay z |||||
200 1 _aСвод отзывов о печах системы Пироцкого
210 _a[Санкт-Петербург]
_cтип. "Арт. журн."
_dценз. 1879
215 _a7 с.
702 1 _aПироцкий
_4570
801 0 _aRU
_bNLR
_gpsbo
801 1 _aRU
_bProSoft-M
_2rusmarc
852 _aNLR
_j18.135.1.158
942 _cBOOK
980 _aNB